UFC Fighter Nicknames - Statistics

General Stats
  • This quiz has been taken 472 times
  • The average score is 9 of 16
Answer Stats
Name Answer % Correct
Jon Jones Bones
96%
Conor McGregor Notorious
85%
Georges St Pierre Rush
81%
Max Holloway Blessed
77%
Khabib Nurmagomedov The Eagle
77%
Anthony Johnson Rumble
68%
Tony Ferguson El Cucuy
67%
Anthony Pettis Showtime
66%
Robbie Lawler Ruthless
52%
Michael Bisping The Count
50%
Chris Weidman All American
42%
Ronaldo Souza Jacare
33%
Alexander Gustafsson The Mauler
32%
Vitor Belfort Phenom
28%
Carlos Condit Natural Born Killer
27%
Junior Dos Santos Cigano
21%
No matching quizzes found
Score Distribution
Percent of People with Each Score
Percentile by Number Answered
Your Score History
You have not taken this quiz